00850nam a2200253Ia 450000500170000000800390001702000150005604100080007110000300007924500810010925000220019030000240021249000270023665000280026365000400029165100500033170000380038126400440041933600270046333700330049033800280052304000350055108400100058620220316235743.0121119s2002 it gr 000 j spa a88884051431 aspa1 aSerao, Matilded1856-192713aEl vientre de NápolescMatilde Serao ; traducción de Nuria Perez Vicente aPrimera edición a64 páginasc17 cm0 aUn mar de sueñosv1214aCuentos italianos2LEMB14aLiteratura italianaySiglo XX2LEMB 4aNápoles (Italia)x Vida social y costumbres1 aPérez Vicente, Nuriaetraductor aItaliabArci Solidarieta Cesenatec2002 atextobtxt2rdacontent asin mediaciónbn2rdamedia avolumenbnc2rdacarrier aCO-BoRNBPbspaerdacCO-BoRNBP aC SER